Normal view
MARC view
Entry Personal Name
001 - CONTROL NUMBER
- control field: 14575
003 - CONTROL NUMBER IDENTIFIER
- control field: OSt
005 - DATE AND TIME OF LATEST TRANSACTION
- control field: 20210901144046.0
008 - FIXED-LENGTH DATA ELEMENTS
- fixed length control field: 210901|| aca||aabn | a|a d
040 ## - CATALOGING SOURCE
- Original cataloging agency: OSt
- Transcribing agency: OSt
100 ## - HEADING--PERSONAL NAME
- Personal name: Mims, Charles W.
670 ## - SOURCE DATA FOUND
- Source citation: Work cat.: (OSt)0: Alexopoulos, Constantine John, 1907-1986. 14573, Introductory mycology /, 1996.
